| 000 | 00406nam a2200157Ia 4500 | ||
|---|---|---|---|
| 003 | LK-CoDNM | ||
| 008 | 010623t2008 xxu||||| |||| 00| 1 eng d | ||
| 040 |
_aLK-CoDNM _dLK-CoDNM _eLK-CoDNM |
||
| 041 | _aeng | ||
| 080 | _ax954.38 | ||
| 100 | _aEdirisinghe,Padma | ||
| 245 | _aLooking Back and Beyond | ||
| 260 |
_bDepartment of Cultural Affairs _aColombo _c2008 |
||
| 300 | _b140p,pl, 21 cm | ||
| 942 | _cBK | ||
| 999 |
_c127385 _d127385 |
||